000 00953nam a22002772a 4500
001 27216
003 UkOxU
005 20211209051128.0
008 860101s1973 ii a b 001 0 eng d
035 _aOCLC ocm00903461 from D960410M
040 _aDLC
_cDLC
_dEQO
_beng
041 _aeng
082 _a915.416506954
_bMIA 1973
100 1 _aMills, J. P.
_q(James Philip),
_d1890-1960.
_983515
245 1 4 _aThe Ao Nagas /
_cWith a foreword by Henry Balfour and supplementary notes and bibliography by J. H. Hutton
250 _a2d ed.
260 _aBombay :
_bOxford University Press,
_c1973.
300 _axxiv, 510 p. :
_billus. ;
_c23 cm.
500 _a"Published by direction of the Government of Nagaland."
504 _aBibliography: p. 431-450
650 0 _aNaga (South Asian people)
_983503
650 0 _aAo language
_983516
700 1 _aHutton, J. H.
_q(John Henry),
_d1885-1968.
_983517
942 _2ddc
_cBK
999 _c27216
_d27216